Materiálové vědy na prahu 3. milénia. : Konference s mezinárodní účastí u příležitosti 100. výročí VUT v Brně. Sborník přednášek sekce Juniormat a Materiálové vědy /

Salvato in:
Dettagli Bibliografici
Natura: Libro
Pubblicazione: Brno : Vysoké učení technické v Brně, 1999
Soggetti:
Tags: Aggiungi Tag
Nessun Tag, puoi essere il primo ad aggiungerne!!

MARC

LEADER 00000nam a22000003a 4500
001 stu52099
005 20150408180048.1
008 000217s1999----xr----------------------d
020 |a 80-214-1376-X 
020 |a 80-214-1377-8 
040 |a STU  |b slo 
041 0
044 |a xr 
080 |a 620.22(082) 
245 |a Materiálové vědy na prahu 3. milénia. :  |b Konference s mezinárodní účastí u příležitosti 100. výročí VUT v Brně. Sborník přednášek sekce Juniormat a Materiálové vědy /  |c Brno, areál FSI VUT, 30.8.-2.9.1999 
260 |a Brno :  |b Vysoké učení technické v Brně,  |c 1999 
300 |a 386 s 
650 7 |a inžinierstvo materiálové  |2 stusub 
650 7 |a materiály  |2 stusub 
650 7 |a vedy materiálové  |2 stusub 
996 |b 284M054470  |c M*Z-1479  |l MMKN  |s A  |a 24  |w stu52099_0001